Antwerp City Trivia - Statistics

General Stats
  • This quiz has been taken 29 times
  • The average score is 12 of 20
Answer Stats
Hint Answer % Correct
Region of Belgium that Antwerp is located in Flanders
100%
Antwerp is famously the world's main trading center for this precious mineral Diamond
96%
Even hosted by Antwerp in 1920 Summer Olympics
92%
At the time of its construction in the 30s, Boerentoren was the second-_______ building in Europe Tallest
85%
Antwerp has Europe's second-largest port via an estuary of that river,that is connected to this sea North Sea
81%
Dutch spelling for the city Antwerpen
77%
About 15% of Antwerp's population have origins in this country Morocco
73%
Architecture style of the Cathedral of Our Lady Gothic
65%
Painter of fleshy women who lived most of his life in Antwerp Peter Paul Rubens
62%
River that flows through Antwerp Scheldt
62%
Main football club of Antwerp – founded in 1880, it is considered the oldest in Belgium {Royal} Antwerp
58%
Annual electro dance music festival that takes place in a town close to Antwerp {Tomorrow}land
50%
Long before Wall Street or London, Antwerp pioneered global finance by opening the world's first dedicated building for a ________ ________ in 1531 Stock Exchange
46%
The 1576 sacking of Antwerp by this country was the largest massacre in the history of the Low Countries Spain
42%
The central square of Antwerp {Grote} Markt
38%
The largest museum in Antwerp Museum aan de {Stroom}
35%
Architect who designed The Port House Zaha {Hadid}
35%
Natives of Antwerp are given this Spanish-sounding noble nickname Sinjoor
27%
Antwerpian artist who gave his name to a style of facial hair Anthony van Dyck
15%
Orthodox Jewish community that Antwerp is notably home to many of Haredi Jews
12%
No matching quizzes found
Score Distribution
Percent of People with Each Score
Percentile by Number Answered
Your Score History
You have not taken this quiz